| 000 | 02052cam a22004334i 4500 | ||
|---|---|---|---|
| 003 | PE-LiUPU | ||
| 005 | 20250731183439.0 | ||
| 008 | 150706s2006 r 000 0 d | ||
| 020 | _a9789875840546 | ||
| 035 | _a(Sirsi) i9789875840546 | ||
| 040 |
_aPE-LiUPU _bspa _cPE-LiUPU _erda |
||
| 049 | _aPRUA | ||
| 082 | 0 | 4 |
_a728.0982 _bL73 _221 |
| 100 | 1 |
_aLivingston, Rodolfo, _eautor. |
|
| 245 | 1 | 0 |
_aArquitectos de familia : _bel método / _cRodolfo Livingston. |
| 250 | _aCuarta edición. | ||
| 264 | 1 |
_aBuenos Aires : _bNobuko, _c2006. |
|
| 300 |
_a320 páginas : _bilustraciones ; _c23cm. |
||
| 336 |
_atext _2rdacontent |
||
| 337 |
_aunmediated _2rdamedia |
||
| 338 |
_avolume _2rdacarrier |
||
| 504 | _aIncluye notas bibliográficas. | ||
| 505 | 0 | _aLa vivienda no es un objeto, es un proceso -- Los ocho pasos -- La pre-entrevista -- Estrategias para escuchar -- El parto -- Sitio y Cliente -- La creatividad -- Presentación de variantes -- Vidas paralelas -- La fascinación -- Manual de instrucciones -- La obra -- Consultas -- Participación colectiva -- Los Arquitectos de la comunidad en Cuba -- El arquitecto de la comunidad en Cuba -- .Documentación -- La transformación. | |
| 526 | _aP158 | ||
| 526 | _aP146 | ||
| 526 | _aP17 | ||
| 526 | _aP12 | ||
| 526 | _aP06 | ||
| 541 | _g015-0015390; | ||
| 650 | 1 | 4 |
_aArquitectura de la vivienda _zArgentina _xDisños y planos. |
| 650 | 2 | 4 |
_aArquitectura de la vivienda _zCuba _xDiseños y planos. |
| 650 | 2 | 4 |
_aViviendas _xRemodelación _zArgentina. |
| 910 |
_cng _d20130612 |
||
| 942 |
_2ddc _cBOOK |
||
| 949 |
_a728.0982 L73 _wDEWEY _c1 _i67520 _lCCODEBUL1 _mBUL _p47.00 _r0 _sY _tBOOK _u2015-7-6 _xINGENIERIA _PP06 _o.STAFF. Colección General |
||
| 994 |
_aC0 _bPEPRU |
||
| 596 | _a1 | ||
| 999 |
_a728.0982 L73 _wDEWEY _c55148 _i67520 _d55148 _e2017-9-17 _f2021-11-30 _g7 _lCCODEBUL1 _mBUL _n2 _p47.00 _r0 _sY _tBOOK _u2015-7-6 _xINGENIERIA _PP06 _0COMPRA _o.STAFF. Colección Ingenieria y Arquitectura |
||
| 980 |
_81 _gALBERTO SANCHEZ Responsable de Automatización |
||